MAASAI MARA UNIVERSITY

LIBRARY CATALOGUE

Contact Us: +254 020 2685356/7 or 0774 057787

Box: 861-20500, NAROK, KENYA

Email: info@mmarau.ac.ke

_Perspective on Personality (2nd ed.) Charles S. Carver (Record no. 12435)

MARC details
000 -LEADER
fixed length control field 00485nam a2200169Ia 4500
008 - FIXED-LENGTH DATA ELEMENTS--GENERAL INFORMATION
fixed length control field 151021s9999 xx 000 0 und d
020 ## - INTERNATIONAL STANDARD BOOK NUMBER
International Standard Book Number 205131999
050 ## - LIBRARY OF CONGRESS CALL NUMBER
Classification number BF698.C22 1992
245 ## - TITLE STATEMENT
Title _Perspective on Personality (2nd ed.) Charles S. Carver
260 ## - PUBLICATION, DISTRIBUTION, ETC. (IMPRINT)
Place of publication, distribution, etc. Boston Allyn& bacon 1992
300 ## - PHYSICAL DESCRIPTION
Extent xxii,617p.;ill
500 ## - GENERAL NOTE
General note Include index
500 ## - GENERAL NOTE
General note Include index
650 ## - SUBJECT ADDED ENTRY--TOPICAL TERM
Topical term or geographic name as entry element _Personality
700 ## - ADDED ENTRY--PERSONAL NAME
Personal name _Scheier f. Michael
980 ## - EQUIVALENCE OR CROSS-REFERENCE-SERIES STATEMENT--PERSONAL NAME/TITLE [LOCAL, CANADA]
Personal name ^d20120815 02:28:38^okorir

No items available.

© 2016 Maasai Mara University.